| 000 | 00649nam a22001937a 4500 | ||
|---|---|---|---|
| 003 | OSt | ||
| 005 | 20260312052745.0 | ||
| 008 | 260312b |||||||| |||| 00| 0 eng d | ||
| 040 |
_aDWCL Main lib _cOC |
||
| 082 | _aFil. 490.7 S256s 2004 | ||
| 100 | _aSauco, Consolacion P. | ||
| 245 |
_aSining ng komunikasyon para sa antas tersyaryo _cConsolacion P. Sauco |
||
| 260 |
_aQuezon City : _bKatha Publishing Co., Inc., _cc2004. |
||
| 300 |
_axii, 210 p. ; _c25 cm. |
||
| 504 | _aIncludes bibliographical references. | ||
| 650 | _a1. Filipino language-Study and teaching. | ||
| 650 | _a2. Language arts-Philippines. | ||
| 942 |
_2ddc _cBK - FIL _kFil. _n0 |
||
| 999 |
_c9023 _d9023 |
||